[Event "Foment Martinenc op-C 19st"]
[Site "Barcelona"]
[Date "2017.04.22"]
[Round "1.39"]
[White "Pinyol I Llora, Julia"]
[Black "Montero Samperi, Moises"]
[Result "0-1"]
[WhiteElo "1444"]
[BlackElo "1707"]
[PlyCount "38"]
[EventDate "2017.04.22"]
[EventType "swiss"]
[EventRounds "9"]
[EventCountry "ESP"]
[SourceTitle "EXT 2024"]
[Source "ChessBase"]
[SourceDate "2023.10.10"]
[SourceVersion "1"]
[SourceVersionDate "2023.10.10"]
[SourceQuality "1"]

1. e4 e5 2. Nf3 Nc6 3. Bc4 Nf6 4. d4 exd4 5. e5 Ne4 6. Bd5 Bb4+ 7. Bd2 Nxd2 8. Nbxd2 d6 9. Bxc6+ bxc6 10. Nxd4 Bd7 11. exd6 cxd6 12. Qe2+ Kf8 13. 0-0 Qf6 14. c3 Re8 15. Qf3 Qg5 16. Ne4 Qe5 17. Rfe1 d5 18. Nc5 Qxe1+ 19. Rxe1 Rxe1# 0-1